Indian States and Union Territories their Capitals - Statistics

General Stats
  • This quiz has been taken 56 times
  • The average score is 23 of 37
Answer Stats
State or UT Capital/Capitals Former Capital Total Population of State/UT (2025) % Correct
West Bengal Kolkata Calcutta 105 Million
93%
Telangana Hyderabad Hyderabad 38.4 Million
90%
Tamil Nadu Chennai Chennai 85.3 Million
88%
Maharashtra Mumbai Mumbai 133.8 Million
88%
Chandigarh Chandigarh Shimla (HP) 1.2 Million
85%
Haryana Chandigarh Sonipat 31.5 Million
85%
Punjab Chandigarh Lahore [Pakistan] 32.1 Million
85%
Rajasthan Jaipur Jaipur 85.3 Million
85%
Delhi (National Capital Territory) New Delhi Old Delhi 16 Million
85%
Uttar Pradesh Lucknow Allahabad 246.2 Million
80%
Bihar Patna Pataliputra 134.3 Million
75%
Madhya Pradesh Bhopal Nagpur (MH) 89.4 Million
73%
Karnataka Bengaluru Vijaynagara 73 Million
70%
Uttarkhand Dehradun Dehradun 72 Million
68%
Puducherry Puducherry Puducherry 941,000
68%
Kerala Thiruvananthapuram Padmanabhapuram (TN) 35.2 Million
68%
Sikkim Gangtok Yuksom 689,400
65%
Andaman and Nicobar Islands Port Blair Port Blair 413,400
65%
Megahalya Shillong Shillong 3.9 Million
65%
Odisha Bhubaneswar Cuttack 48.5 Million
63%
Gujarat Gandhinagar Ahmedabad 74 Million
63%
Dadra and Nager Haveli and Daman & Diu Daman Silvassa 575,300
60%
Nagaland Kohima Kohima 4.5 Million
60%
Jharkhand Ranchi Ranchi 41.4 Million
60%
Himachal Pradesh Shimla Shimla 7.8 Million
60%
Goa Panaji Velha 1.5 Million
58%
Chattisgarh Raipur Ratanpur 32.2 Million
58%
Arunachal Pradesh Itanagar Naharlogun 1.8 Million
55%
Assam Dispur Shillong(ML) 37.3 Million
53%
Manipur Imphal Kangla 3.7 Million
53%
Tripura Agartala Udaipur (TR) 4.2 Million
50%
Andhra Pradesh Amravati Hyderabad (TS) 95 Million
38%
Lakshadweep Kavaratti Kozhikode (KL) 68,900
28%
Mizoram Aizawal Lung Leh 1.4 Million
18%
Ladakh Leh and Kargil Shey 304,000
13%
Jammu and Kashmir Jammu (Winter) Jammu 15.9 Million
3%
Jammu and Kashmir Srinagar (Summer) Jammu 15.9 Million
3%
No matching quizzes found
Score Distribution
Percent of People with Each Score
Percentile by Number Answered
Your Score History
You have not taken this quiz